000
00297nam a2200121Ia 4500
008
220120s9999||||xx |||||||||||||| ||und||
020
_a
9789382618188
082
_a
620.1 GOP
100
_a
Gopalakrishna, K R
245
0
_a
Engineering graphics
260
_b
New Delhi
_c
2003
300
_a
260p.
_b
200
999
_c
136336
_d
136336